Mies Van der Rohe / (Registro nro. 12145)

Detalles MARC
000 -LEADER
longitud fija campo de control 02222nam a22004577a 4500
003 - IDENTIFICADOR DE NUMERO DE CONTROL
control del campo AR-RoUNA
005 - FECHA DE LA ULTIMA MODIFICACION
control del campo 20250930180231.0
008 - CAMPO DE CONTROL - LIBROS
longitud fija campo de control 250930b |||||||| |||| 00| 0 spa d
020 ## - INTERNATIONAL STANDARD BOOK NUMBER
ISBN 9788446027027
040 ## - ORIGEN DE LA CATALOGACION
Agencia que cataloga la obra original AR-RoUNA
Idioma en que se cataloga spa
Entidad que modifico el registro AR-RoUNA
041 ## - CODIGO DE IDIOMA
Codigo de idioma del texto / sonido o titulo separado spa
Codigo de idioma de la traduccion original y / o intermedios de texto spa
044 ## - CODIGO DE PAIS / ENTIDAD PRODUCTORA
Codigo MARC del pais ag
100 1# - ASIENTO PRINCIPAL - NOMBRE PERSONAL
Nombre personal Cohen, Jean-Louis
9 (RLIN) 21169
245 10 - TITULO PROPIAMENTE DICHO
Titulo Mies Van der Rohe /
Mencion de responsabilidad, etc Jean-Louis Cohen; traduccion de Juan Calatrava
250 ## - MENCION DE EDICION
Edicion declarada 1a. ed.
260 ## - EDITORIAL - PUBLICACION, DISTRIBUCION, ETC. (Pie de imprenta)
Lugar de publicacion, distribucion, etc España:
Nombre del editor, distribuidor, etc Ediciones Akal,
Fecha de publicacion 2007
300 ## - DESCRIPCION FISICA
Extension 191 p.:
Otros detalles fisicos fot. col.,
-- gráficos,
Dimensiones 25x22 cm
490 ## - MENCION DE SERIE
Titulo de la serie Arquitectura
505 0# - NOTA DE CONTENIDO CON FORMATO
Título INDICE
505 0# - NOTA DE CONTENIDO CON FORMATO
Título Prefacio / p.6
505 0# - NOTA DE CONTENIDO CON FORMATO
Título I. 1886-1914:
Título principal Infancia renana y comienzos berlineses /p.10
505 0# - NOTA DE CONTENIDO CON FORMATO
Título II. 1918-1924:
Título principal Los proyectos teóricos para la Grobstadt /p.26
505 0# - NOTA DE CONTENIDO CON FORMATO
Título III. 1925-1930:
Título principal Los fundamentos de un nuevo espacio domestico /p.44
505 0# - NOTA DE CONTENIDO CON FORMATO
Título IV. 1930-1938:
Título principal Entre la Bauhaus y el III Reich /p.84
505 0# - NOTA DE CONTENIDO CON FORMATO
Título V. 1938-1956:
Título principal Chicago y los paradigmas americanos /p.98
505 0# - NOTA DE CONTENIDO CON FORMATO
Título VI. 1956-1969:
Título principal El clasicismo del orden industrial /p.140
505 0# - NOTA DE CONTENIDO CON FORMATO
Título NOTAS /p.168
505 0# - NOTA DE CONTENIDO CON FORMATO
Título Perfil Bibliografico /p.177
505 0# - NOTA DE CONTENIDO CON FORMATO
Título Bibliografia /p.180
505 0# - NOTA DE CONTENIDO CON FORMATO
Título Proyectos y Realizaciones /p.186
505 0# - NOTA DE CONTENIDO CON FORMATO
Título Indice Analitico /p.189
520 3# - NOTA DE RESUMEN
Nota de resumen, etc. Este documento desarrolla, el esbozo pormenorizado de la trayectoria vital y artística de Mies van der Rohe, uno de los principales arquitectos del siglo pasado. Además de acompañarse de una nutrida selección de fotos y planos de algunos de sus proyectos más importantes, la obra comprende un interesante aparato de notas, una bibliografía de referencia y una relación de todos sus proyectos y realizaciones. Estructurada por épocas, aporta una visión amplia de las influencias intelectuales que calaron en su hacer artístico, así como aborda las relaciones -en ocasiones difíciles- entre su arte y la política de una Europa dividida por el auge del nacionalsocialismo.
650 #4 - MATERIA - TERMINO TEMATICO
Término temático general Arquitectura contemporanea
650 #4 - MATERIA - TERMINO TEMATICO
Término temático general Obras
650 #4 - MATERIA - TERMINO TEMATICO
Término temático general Trayectoria profesional
700 1# - ENTRADA SECUNDARIA - NOMBRES PERSONALES
Nombre personal Calatrava, Juan
Función tr.
9 (RLIN) 18342
908 ## - SOPORTE
Soporte Imp
930 ## - ACCESION
Numero de accesion (NR) 12248
942 ## - FUENTE DE CLASIFICACION
Clasificacion Universal Decimal Classification
Tipo de item Libro
945 ## - INFORMACION DE PROCESAMIENTO
Fecha de ingreso o modificacion 2025-09-30
Codigo del operador MIA
980 ## - DECLARACIÓN DE EQUIVALENCIA O SERIE DE REFERENCIA CRUZADA - NOMBRE / TÍTULO PERSONAL [LOCAL, CANADÁ]
Código del operador que modifico el registro 1
Nombre del operador que modifico el registro Maricel Allasia
Existencias
Estado retiro Estado perdido Sistema de clasificacion Estado general Restricciones de uso Biblioteca de origen Ubicacion actual Localizacion en estante Fecha de adquisicion Fuente de adquisicion Prestamos totales Signatura y librística Proveedor Numero de ejemplar Tipo de elemento KOHA Nota no publica
Disponible Disponible cdu No dañado Ningun uso de restricciones Arq. Hilarión H. Larguia Arq. Hilarión H. Larguia Ref 30/09/2025 Don   72.036 C678 18384 ej. 1 Libro